00630nam a2200205 a 4500008004100000020001500041050001500056100001600071245004000087260004800127260002700175300002300202350000900225650001100234650002700245650001400272700002000286856006300306856005500369120416s1997 ||||||||||||||||| || u a0521576091 aQK 830 Hic aKing, Clive10aCommon families of flowering plants aCambridgebCambridge University Pressc1997 aCambridgebC U Pc1997 axii, 212 p. : ill. a0.00 aPLANTS aPlants--Classification aTEXTBOOKS aHickey, Michael uhttp://www.loc.gov/catdir/description/cam028/96047928.html uhttp://www.loc.gov/catdir/toc/cam025/96047928.html